000 01121nam a22002417a 4500
999 _c4757
_d4757
005 20251125232756.0
008 s2518 th tha d
040 _aNALT
041 _atha
050 _aJX41 พ992ก 2518
100 0 _aไพโรจน์ ชัยนาม
245 1 0 _aการประชุมระหว่างประเทศ การประชุมในทางการทูต
260 3 _aกรุงเทพฯ :
_bคณะรัฐศาสตร์ มหาวิทยาลัยธรรมศาสตร์,
_c2518
300 _a148 หน้า ;
_b 26 ซม.
650 0 4 _aคณะกรรมาธิการกฎหมายระหว่างประเทศ
650 0 4 _aการประชุมระหว่างประเทศ
650 0 4 _aอนุสัญญา
650 0 4 _aอนุสัญญากรุงเวียนนา
850 _aNALT
856 4 0 _uhttps://hdl.handle.net/20.500.14156/337831
_71
942 _cGB
_2lcc
_01
998 _j111
_k นางสาวพจพิณ พรมเอี่ยม